Normal view
MARC view
- Tourism - study and education
Entry Topical Term
001 - CONTROL NUMBER
- control field: 5741
003 - CONTROL NUMBER IDENTIFIER
- control field: JO-AjAnu
005 - DATE AND TIME OF LATEST TRANSACTION
- control field: 20230606071231.0
008 - FIXED-LENGTH DATA ELEMENTS
- fixed length control field: 230606|| aca||aabn | a|a d
040 ## - CATALOGING SOURCE
- Original cataloging agency: JO-AjAnu
- Transcribing agency: JO-AjAnu
150 ## - HEADING--TOPICAL TERM
- Topical term or geographic name entry element: Tourism - study and education
670 ## - SOURCE DATA FOUND
- Source citation: Work cat.: (JO-AjAnu)2971: El Debs, Hamid , Mairna Mustafa, author 5740, Tuning Moyen-Orient et Afrique du Nord: Les Points de Reference Pour la Conception et la Prestation des Programmes d'Etudes Universitaires en Tourisme